000 00675nam a2200205 i 4500
001 120518
003 ES-MaACL
005 20250901041014.0
007 t|
008 070214s1948 cu r ||||1| spa d
080 _a159.942
100 1 _aPittaluga, Gustavo,
_d1876-1956
_9155591
245 1 0 _aEnsayo para una historia de los sentimientos /
_ctrabajo leĆ­do por el Dr. Gustavo Pittaluga...
260 _aLa Habana :
_bAcademia de la Historia de Cuba,
_c1948.
300 _a38 p. ;
_c24 cm.
650 7 _aEmociones y sentimientos
_2embne
_912196
710 2 _aAcademia de la Historia de Cuba.
_91183
852 _aES-MaACL
_j1806-F-3
999 _c120518
_d120518